000 00576 a2200169 4500
999 _c4909
_d4909
010 _aENG-86660
020 _c395.00
_a8189013025
035 _aEN-70193
037 _bDBAD / PUB
082 1 4 _a363.9
100 1 _aSimon-Kumar, Rachel
245 1 _aMarketing reproduction :
_cby Rachel Simon-Kumar
_bpolitical rhetoric and gender policy in India /
260 _aNew Delhi
_bZubaan
_c2006
270 _aK-92, Fierst Floor, Hauz Khas Enclave,
_bNew Delhi
_e110 016
_mzubaanwbooks@vsnl.net
300 _avi, 268 p
_c23 cm (Hb)
942 _adpl
_cEN
_2ddc
_h363.9
_mSIM